000
00227nam a22000857a 4500
008
170116b xxu||||| |||| 00| 0 eng d
100
_9
2435
_a
Valsaraj.K.M.
245
_a
Physical Activities for Fitness
260
_a
New Delhi
_b
SET
_c
2009
999
_c
5475
_d
5475